000 00309nam a22001337a 4500
008 171030b xxu||||| |||| 00| 0 eng d
020 _a9780134933887
041 _aeng
080 _a336
100 _a56
101 _aFIN
245 _aREAL ESTATE FINANCE & INVESTMENT MANUAL
_cCUMMINGS,J
942 _2udc
_cBK
999 _c36324
_d36324